Krojer Angi: Félig nyitott ablak mögött

Podrobná bibliografia
Hlavný autor: Ardamica, Zorán, 1970- (Autor)
Médium: Článok
Jazyk:maďarčina
slovenčina
Predmet:

MARC

LEADER 00000nab a2200000 a 4500
001 vtls000713787
003 SK-MaSNL
005 20260318124808.0
008 160314c2000 xo 0 hun
015 |a SNBRB2000/02-05229 
035 |a CLN000065954 
040 |a SNKBUCL  |b slo  |c SNKBUCL  |e AACR2 
041 0 |a slo 
044 |a xo  |c SK 
080 |a 82.09:894.511 (437.6)-1  |2 UDC-MRF-SK2 
080 |a 894.511 (437.6)-1.09  |2 UDC-MRF-SK2 
100 1 |a Ardamica, Zorán,  |d 1970-  |4 aut  |9 98940 
245 1 0 |a Krojer Angi: Félig nyitott ablak mögött  |c Ardamica Zorán 
500 |a Chybný ročník 
600 1 7 |a Krojer, Angi  |t Félig nyitott ablak mögött  |x kritika a interpretácie  |2 snkbucl  |9 915968 
773 0 |t Szabad újság  |g Roč. 7[8], č. 1 (2000), s. 8 
850 |a Slovenská národná knižnica v Martine 
852 |a SNK  |b KIS3GCP 
958 |a HU 
958 |a SK 
958 |a LX 
958 |a RBX 
999 |c 2248813  |d 2250743